Vespertilio ... medzinárodní chiropterologický sborník

Bibliographic Details
Previous Title:Netopiere ...
Other Authors: Benda, Petr (Publishing director), Uhrin, Marcel, 1966- (Publishing director)
Format: Serial
Language:Czech
English
Slovak
PhysicalDescription:15 zv. ilustr., grafy, mp. 21-24 cm
Published: Praha Revúca Česká společnost pro ochranu netopýrů (ČESON) Skupina pre ochranu netopierov (S.O.N) 1997-2016
ISBN:8096738593 (brož. : r. 1997)
8088850207 (brož. : r. 2000)
ISSN:1213-6123
Subjects:
Online Access:https://netopiere.sk/sk/page/publikacie.html

MARC

LEADER 00000cas a2200000 a 4500
001 vtls001472696
003 SK-MaSNL
005 20260425194110.0
008 230127d19972016xr gr 0 0b0cze c
015 |a SNBB2005/02-00394 (č. 2/1997) 
020 |a 8096738593 (brož. : r. 1997) 
020 |a 8088850207 (brož. : r. 2000) 
022 |a 1213-6123 
035 |a SNK000427998 
040 |a SNK  |b slo  |c SNK  |e AACR2 
041 0 |a cze  |a eng  |a slo  |b eng 
043 |a e-xr---  |a e-xo--- 
044 |a xr  |a xo  |c CZ  |c SK 
072 7 |a 59  |x Zoológia  |2 konspekt 
072 7 |a 502  |x Životné prostredie a jeho ochrana  |2 konspekt 
080 |a 599.4  |2 2011 
080 |a 502.172:592/599  |2 2011 
080 |a (082)  |2 2011 
080 |a (437.3)  |2 2011 
080 |a (437.6)  |2 2011 
210 0 |a Vespertilio  |b (Praha) 
222 0 |a Vespertilio  |b (Praha) 
245 0 0 |a Vespertilio ...  |b medzinárodní chiropterologický sborník 
246 1 2 |a Sčítání netopýrů v zimovištích ČR  |f 5/2001 
246 1 2 |a Katalóg zimovísk netopierov Slovenskej republiky  |f 6/2002 
260 |a Praha  |a Revúca  |b Česká společnost pro ochranu netopýrů (ČESON)  |b Skupina pre ochranu netopierov (S.O.N)  |c 1997-2016 
300 |a 15 zv.  |b ilustr., grafy, mp.  |c 21-24 cm 
310 |a 1x za 2 roky  |b 2012-2016 
321 |a Nepravidelne  |b 1997-2011 
362 0 |a 2 (1997)-18 (2016)  |z České národní středisko ISSN 
500 |a Súbežný podnázov v angl. jazyku 
500 |a Od r. 2000 výška formátu 24 cm 
500 |a Od r. 2001 bez ISBN, uvádza sa len ISSN 
500 |a Súčasťou názvu je poradové číslo 
500 |a Podnázov: 2001-2014, mezinárodní chiropterologický časopis 
500 |a V r. 2002 podnázov v slov. jazyku : medzinárodný chiropterologický časopis ; 2008, chiropterologický časopis 
500 |a Ved. red.: Petr Benda, Marcel Uhrin 
504 |a Bibliogr. odkazy 
546 |a Text slov., angl. ; res. angl. 
650 0 7 |a chiropterológia  |2 SNKPH  |9 150949 
650 0 7 |a ochrana živočíchov  |2 SNKPH  |9 3949 
650 0 7 |a netopiere  |2 SNKPHbucl  |9 26374 
650 0 7 |a Chiropterology  |2 SNKPHeng  |9 267597 
650 0 7 |a Animal conservation  |2 SNKPHeng  |9 267593 
650 0 7 |a netopiere  |2 SNKPHeng  |9 26374 
651 7 |a Česko  |2 SNKPHgeo  |9 16753 
651 7 |a Slovensko  |2 SNKPHgeo  |9 14231 
651 7 |a Czechia  |2 SNKPHeng  |9 170107 
651 7 |a Slovakia  |2 SNKPHeng  |9 92630 
655 7 |a zborníky  |2 SNKPH  |9 70165 
655 7 |a Papers of several authors  |2 SNKPHeng  |9 153738 
700 1 |a Benda, Petr  |4 pbd  |9 267598 
700 1 |a Uhrin, Marcel,  |d 1966-  |4 pbd  |9 76927 
710 2 |a Skupina pre ochranu netopierov (Revúca, Slovensko)  |4 pbl  |9 206075 
710 2 |a Česká společnost pro ochranu netopýrů  |4 pbl  |9 206074 
780 0 0 |t Netopiere ...  |w vtls001227317 
856 4 1 |u https://netopiere.sk/sk/page/publikacie.html 
910 |a snk 
916 |a 1997, 2000-2014 
919 |a 80-967385-9-3 
919 |a 80-88850-20-7 
999 |c 3907  |d 5837 
952 |a SNK  |b SNK  |y PREZ  |7 0  |p 17A0477646  |o snkČSD 2025/8/2004  |i snk2005/19365  |8 0  |0 0  |1 0  |4 0  |d 2005-11-15  |l 0  |r 2026-02-21 19:30:21  |w 2026-02-21 
952 |a SNK  |b SNK  |y PREZ  |7 0  |p 17A0477647  |o snkČSD 2025/8/2004 D1  |i snk2005/19367  |8 0  |0 0  |1 0  |4 0  |d 2005-11-15  |l 0  |r 2026-02-21 19:30:21  |w 2026-02-21 
952 |a SNK  |b SNK  |y NEVYP  |7 1  |p 17A0416160  |o snkČSD 2025/2/1997  |i snkPV 359/2004  |f 1  |0 0  |1 0  |4 0  |d 2004-04-07  |l 0  |r 2005-01-02 00:00:00  |w 2026-02-21 
952 |a SNK  |b SNK  |y PREZ  |7 0  |p 17A0416161  |o snkČSD 2025/2/1997 D1  |i snkPV 360/2004  |0 0  |1 0  |4 0  |d 2004-04-07  |l 0  |r 2005-01-02 00:00:00  |w 2026-02-21 
952 |a SNK  |b SNK  |y PREZ  |7 0  |p 17A0431059  |o snkČSD 2025/4/2000  |i snkPV 738/2004  |0 0  |1 0  |4 0  |d 2004-05-21  |l 0  |r 2005-01-02 00:00:00  |w 2026-02-21 
952 |a SNK  |b SNK  |y PREZ  |7 0  |p 17A0431060  |o snkČSD 2025/4/2000 D1  |i snkPV 739/2004  |0 0  |1 0  |4 0  |d 2004-05-21  |l 0  |r 2005-01-02 00:00:00  |w 2026-02-21 
952 |a SNK  |b SNK  |y NEVYP  |7 7  |p 17A0502206  |o snkČSD 2025/3/1998  |i snk2006/11822  |8 0  |0 0  |1 0  |4 0  |d 2006-06-13  |l 0  |r 2026-02-21 20:03:39  |w 2026-02-21 
952 |a SNK  |b SNK  |y NEVYP  |7 7  |p 17A0502207  |o snkČSD 2025/3/1998 D1  |i snk2006/11823  |8 0  |0 0  |1 0  |4 0  |d 2006-06-13  |l 0  |r 2026-02-21 20:03:39  |w 2026-02-21 
952 |a SNK  |b SNK  |y PREZ  |7 0  |p 17A0502208  |o snkČSD 2025/5/2001  |i snk2006/11825  |8 0  |0 0  |1 0  |4 0  |d 2006-06-13  |l 0  |r 2026-02-21 20:03:40  |w 2026-02-21 
952 |a SNK  |b SNK  |y PREZ  |7 0  |p 17A0502209  |o snkČSD 2025/5/2001 D1  |i snk2006/11826  |8 0  |0 0  |1 0  |4 0  |d 2006-06-13  |l 0  |r 2026-02-21 20:03:40  |w 2026-02-21 
952 |a SNK  |b SNK  |y PREZ  |7 0  |p 17A0502211  |o snkČSD 2025/6/2002 D1  |i snk2006/11829  |8 0  |0 0  |1 0  |4 0  |d 2006-06-13  |l 0  |r 2026-02-21 20:03:40  |w 2026-02-21 
952 |a SNK  |b SNK  |y PREZ  |7 0  |p 17A0502210  |o snkČSD 2025/6/2002  |i snk2006/11828  |8 0  |0 0  |1 0  |4 0  |d 2006-06-13  |l 0  |r 2026-02-21 20:07:05  |w 2026-02-21 
952 |a SNK  |b SNK  |y PREZ  |7 0  |p 17A0502672  |o snkČSD 2025/7/2003  |i snk2006/11830  |8 0  |z Xerokópia  |0 0  |1 0  |4 0  |d 2006-09-11  |l 0  |r 2026-02-21 20:13:05  |w 2026-02-21 
952 |a SNK  |b SNK  |y PREZ  |7 0  |p 17A1464491  |o snkČSD 2025/9-10/2006  |i snk2023/910  |8 1  |0 0  |1 0  |4 0  |d 2023-01-18  |l 0  |r 2026-02-21 20:17:54  |w 2026-02-21 
952 |a SNK  |b SNK  |y PREZ  |7 0  |p 17A1464492  |o snkČSD 2025/11/2007  |i snk2023/916  |8 1  |0 0  |1 0  |4 0  |d 2023-01-18  |l 0  |r 2026-02-21 20:17:54  |w 2026-02-21 
952 |a SNK  |b SNK  |y PREZ  |7 0  |p 17A1464493  |o snkČSD 2025/12/2008  |i snk2023/917  |8 1  |0 0  |1 0  |4 0  |d 2023-01-18  |l 0  |r 2026-02-21 20:17:54  |w 2026-02-21 
952 |a SNK  |b SNK  |y PREZ  |7 0  |p 17A1464494  |o snkČSD 2025/15/2011  |i snk2023/921  |8 1  |0 0  |1 0  |4 0  |d 2023-01-18  |l 0  |r 2026-02-21 20:17:55  |w 2026-02-21 
952 |a SNK  |b SNK  |y PREZ  |7 0  |p 17A1464495  |o snkČSD 2025/16/2012  |i snk2023/935  |8 1  |0 0  |1 0  |4 0  |d 2023-01-18  |l 0  |r 2026-02-21 20:17:55  |w 2026-02-21 
952 |a SNK  |b SNK  |y PREZ  |7 0  |p 17A1464496  |o snkČSD 2025/17/2014  |i snk2023/936  |8 1  |0 0  |1 0  |4 0  |d 2023-01-18  |l 0  |r 2026-02-21 20:17:55  |w 2026-02-21